Mistrzostwa Świata w hokeju na lodzie Elity - Statystyki

Ogólne statystyki
  • Ten quiz został rozwiązany 18 razy
  • Średni wynik to 13 z 16
Statystyki odpowiedzi
Reprezentacje % Poprawnych
Kanada
100%
USA
100%
Dania
94%
Finlandia
94%
Szwecja
94%
Czechy
88%
Łotwa
88%
Norwegia
88%
Niemcy
81%
Słowacja
81%
Szwajcaria
81%
Austria
69%
Słowenia
69%
Węgry
69%
Wielka Brytania
69%
Włochy
69%
Nie znaleziono quizów pasujących do podanych kryteriów
Rozkład punktacji
Procent ludzi z każdym wynikiem
Percentyl według liczby udzielonych odpowiedzi
Twoja historia wyników
Nie rozwiązałeś tego quizu